00561nam a2200145 a 4500008004100000050001900041100001600060245002900076260004000105300001700145350000900162995009200171999001700263952013500280120416s1974 ||||||||||||||||| || u aNA 2543.S6 Dea aDeasy, C. M10aDesign for human affairs aNew YorkbJohn Wiley and Sonsc1974 a183p. : ill. a0.00 D0.00FCBU-MAIN LIBRARY (Kitwe)H1I0.00UAVAILABLEZMain Library Open Access Collection c39683d39683 00102lcc4070a001b001cMain Library Open Access Collectiond2022-11-30l0oNA 2543.S6 Deap010217r2022-11-30w2022-11-30y002